Popularne zagraniczne piosenki w Polsce. 12-18.03 Spotify - Statystyki

Ogólne statystyki
  • Ten quiz został rozwiązany 16 razy
  • Średni wynik to 9 z 30
Statystyki odpowiedzi
Wykonawca Odsłuchania Utwór % Poprawnych
The Weeknd 348K Blinding Lights
67%
Harry Styles 247K Watermelon Sugar
67%
Dua Lipa, DaBaby 267K Levitating
60%
The Neighbourhood 191K Daddy Issues
53%
Duncan Laurence 203K Arcade
47%
Olivia Rodrigo 478K drivers license
47%
Miley Cyrus, Dua Lipa 252K Prisoner
47%
The Weeknd 457K Save Your Tears
47%
The Neighbourhood 272K Sweater Weather
47%
24kGoldn, iann dior 272K Mood
40%
SAINt JHN, Imanbek 183K Roses
40%
Tiesto 377K The Business
40%
Tate McRae 218K you broke me first
33%
Doja Cat 321K Streets
27%
Cardi B 176K Up
27%
Masked Wolf 309K Astronaut In The Ocean
20%
Riton, Nightcrawlers, Mufasa, Hypeman 446K Friday
20%
Robin Schulz, KIDDO 198K All We Got
13%
Alok, Ilkay Sencan, Tove Lo 214K Don't Say Goodbye
13%
Joel Corry, MNEK 210K Head & Heart
13%
Justin Bieber 199K Hold On
13%
Ava Max 210K My Head & My Heart
13%
MEDUZA, Dermot Kennedy 281K Paradise
13%
ATB, Topic, A7S 245K Your Love (9PM)
13%
Ofenbach, Quarterhead, Norma Jean Martine 203K Head Shoulders Knees & Toes
7%
ElyOtto 215K SugarCrash!
7%
Kali Uchis 223K telepatia
7%
Ofenbach, Lagique 227K Wasted Love
7%
Dua Lipa 228K We're Good
7%
The Kid LAROI 206K WITHOUT YOU
7%
Nie znaleziono quizów pasujących do podanych kryteriów
Rozkład punktacji
Procent ludzi z każdym wynikiem
Percentyl według liczby udzielonych odpowiedzi
Twoja historia wyników
Nie rozwiązałeś tego quizu